[Event "Mittelfranken-chTB1 1617"]
[Site "Mittelfranken"]
[Date "2016.11.13"]
[Round "2.3"]
[White "Greul, Hans"]
[Black "Fischer, Gerd"]
[Result "1/2-1/2"]
[WhiteElo "1986"]
[BlackElo "1982"]
[PlyCount "150"]
[EventDate "2016.10.23"]
[EventType "team-tourn"]
[EventRounds "9"]
[EventCountry "GER"]
[SourceTitle "EXT 2022"]
[Source "ChessBase"]
[SourceDate "2021.10.06"]
[SourceVersion "1"]
[SourceVersionDate "2021.10.06"]
[SourceQuality "1"]
[WhiteTeam "Muehlhof/Schwabach"]
[BlackTeam "Gunzenhausen"]
[WhiteTeamCountry "GER"]
[BlackTeamCountry "GER"]

1. d4 d5 2. Nf3 Nf6 3. e3 e6 4. c4 Nbd7 5. Be2 Ne4 6. Nc3 Ndf6 7. Bd3 c6 8. 0-0 Bd6 9. Qc2 Nxc3 10. bxc3 0-0 11. a4 h6 12. Ba3 Bxa3 13. Rxa3 Nd7 14. Rb1 Qe7 15. Rab3 dxc4 16. Bxc4 Nb6 17. Ne5 Nd7 18. Nxd7 Qxd7 19. Qe4 Qc7 20. Bd3 f5 21. Qf4 Qa5 22. Rb4 Qd8 23. Be2 b6 24. Bf3 Bd7 25. Qd6 Rc8 26. a5 b5 27. c4 a6 28. cxb5 axb5 29. Ra1 Qc7 30. Qc5 f4 31. Rb3 Rf5 32. Qc1 fxe3 33. Qxe3 b4 34. Rxb4 Rxa5 35. Rab1 Rca8 36. g3 Ra3 37. Qe4 Rf8 38. R4b3 Rxb3 39. Rxb3 Rb8 40. Rc3 Qd6 41. Kg2 Rb4 42. Rd3 Rb5 43. h4 Rd5 44. Qe3 Rb5 45. Qd2 Rf5 46. Be4 Rf8 47. Qc2 Rc8 48. Qc3 Rb8 49. Qa5 Qb4 50. Qc7 Qb7 51. Qd6 Rc8 52. Rc3 Qc7 53. Qc5 Be8 54. Ra3 Rb8 55. Ra6 Rc8 56. Ra7 Qd8 57. Qc4 Qd6 58. Qc3 Bf7 59. Qf3 Rf8 60. Qe3 Rd8 61. Ra4 Qd7 62. Qc3 Be8 63. Qc5 Qd6 64. Qb6 Rb8 65. Qa7 Rd8 66. Rc4 e5 67. dxe5 Qxe5 68. Qe3 Qf6 69. Rc5 Bd7 70. Qc1 Re8 71. Qc2 Rc8 72. Qc1 Qd4 73. Bb1 Rf8 74. Qc2 Be6 75. Ba2 Bd5+ 1/2-1/2

[Event "Mittelfranken-chTB2b 1415"]
[Site "Mittelfranken"]
[Date "2015.02.08"]
[Round "6.2"]
[White "Greul, Hans"]
[Black "Maettig, Stefan"]
[Result "1-0"]
[WhiteElo "1979"]
[BlackElo "1925"]
[PlyCount "73"]
[EventDate "2014.09.28"]
[EventType "team-tourn"]
[EventRounds "9"]
[EventCountry "GER"]
[SourceTitle "EXT 2020"]
[Source "ChessBase"]
[SourceDate "2019.10.17"]
[SourceVersion "1"]
[SourceVersionDate "2019.10.17"]
[SourceQuality "1"]
[WhiteTeam "Muehlhof/Schwabach"]
[BlackTeam "Nuernberg NT IV"]
[WhiteTeamCountry "GER"]
[BlackTeamCountry "GER"]

1. d4 Nf6 2. Nf3 d6 3. e3 g6 4. c4 Bg7 5. Be2 0-0 6. Nc3 Nc6 7. 0-0 e5 8. dxe5 dxe5 9. Qc2 Qe7 10. Nd5 Nxd5 11. cxd5 Nb8 12. e4 c6 13. Be3 cxd5 14. exd5 b6 15. Rfd1 Bf5 16. Qb3 Rc8 17. Rac1 Nd7 18. d6 Qe8 19. Bc4 h6 20. Bb5 Rxc1 21. Rxc1 Rc8 22. Rc7 Bf8 23. Qc3 Rd8 24. Qd2 Qe6 25. Rxa7 Bxd6 26. Bxh6 Nc5 27. Qc3 Bb8 28. Ra8 Rd1+ 29. Bf1 Qd6 30. Nxe5 Kh7 31. Nf3 f6 32. Rxb8 Qxb8 33. Qxf6 Kxh6 34. Ne5 Qg8 35. g4 Bxg4 36. Nxg4+ Kh7 37. Qf3 1-0

[Event "Mittelfranken-chTB2b 1415"]
[Site "Mittelfranken"]
[Date "2014.10.12"]
[Round "2.2"]
[White "Greul, Hans"]
[Black "Kroneder, Christian"]
[Result "1/2-1/2"]
[WhiteElo "1979"]
[BlackElo "2019"]
[PlyCount "50"]
[EventDate "2014.09.28"]
[EventType "team-tourn"]
[EventRounds "9"]
[EventCountry "GER"]
[SourceTitle "EXT 2020"]
[Source "ChessBase"]
[SourceDate "2019.10.17"]
[SourceVersion "1"]
[SourceVersionDate "2019.10.17"]
[SourceQuality "1"]
[WhiteTeam "Muehlhof/Schwabach"]
[BlackTeam "Schwanstetten"]
[WhiteTeamCountry "GER"]
[BlackTeamCountry "GER"]

1. d4 d5 2. Nf3 Nf6 3. e3 c6 4. c4 a6 5. Qb3 b5 6. cxd5 cxd5 7. a4 bxa4 8. Qxa4+ Bd7 9. Qb3 Nc6 10. Bd2 Rb8 11. Qa2 Qb6 12. Qxa6 Qxa6 13. Rxa6 Rxb2 14. Bd3 e6 15. 0-0 Be7 16. Rc1 Nb8 17. Ra8 0-0 18. Bc3 Rb7 19. Ne5 Bb5 20. Ba5 Bxd3 21. Nxd3 Nc6 22. Rxf8+ Bxf8 23. Be1 g6 24. Nc3 Rb3 25. Kf1 Bg7 1/2-1/2

[Event "Mittelfranken-chTB2b 1314"]
[Site "Mittelfranken"]
[Date "2014.05.04"]
[Round "9.4"]
[White "Lutter, Maximilian"]
[Black "Greul, Hans"]
[Result "0-1"]
[WhiteElo "1910"]
[BlackElo "1979"]
[PlyCount "75"]
[EventDate "2013.10.20"]
[EventType "team-tourn"]
[EventRounds "9"]
[EventCountry "GER"]
[SourceTitle "EXT 2020"]
[Source "ChessBase"]
[SourceDate "2019.10.17"]
[SourceVersion "1"]
[SourceVersionDate "2019.10.17"]
[SourceQuality "1"]
[WhiteTeam "Neumarkt"]
[BlackTeam "Muehlhof/Schwabach"]
[WhiteTeamCountry "GER"]
[BlackTeamCountry "GER"]

1. Nf3 Nf6 2. c4 e6 3. d4 d5 4. e3 c6 5. b3 Bd6 6. Bb2 0-0 7. Bd3 Qe7 8. 0-0 Nbd7 9. Ne5 Rd8 10. Nd2 c5 11. f4 Nf8 12. Qc2 Bd7 13. Ndf3 Rac8 14. Ng5 Be8 15. Rf3 h6 16. Nh3 dxc4 17. bxc4 cxd4 18. exd4 b6 19. Qe2 N8d7 20. Nf2 Nb8 21. g4 Nc6 22. g5 hxg5 23. fxg5 Bxe5 24. dxe5 Nh5 25. Kh1 Nd4 26. Qe4 Nf5 27. Qg4 g6 28. Rh3 Qc5 29. Kg1 Qb4 30. Rb1 Bc6 31. Ne4 Bxe4 32. Qxe4 Qd2 33. Bc1 Qd1+ 34. Kf2 Rd4 35. Qb7 Rcd8 36. Bxf5 gxf5 37. Qf3 Qc2+ 38. Qe2 0-1